000 00605nam a2200229Ia 4500
003 OSt
005 20220918174701.0
006 a|||||r|||| 00| 0
007 ta
008 220917b |||||||| |||| 00| 0 eng d
024 _a13,640
037 _cTextual
040 _aARTS
_cARTS
_beng
041 _2eng
_aeng
082 _a/\25x1:1, J5
100 _aPoddar Hanuman Prasad
_951382
245 0 _aPhilosophy of love
_b bhakti sutras of Devarsi Narada
260 _c1955
650 _aSPIRITUALISM
942 _h/\25x1:1, J5
_cTEXL
_2CC
999 _c154278
_d154278